Video Game Markets by Country - Statistics

General Stats
  • This quiz has been taken 30 times
  • The average score is 12 of 15
Answer Stats
Hint Answer % Correct
$27.9 billion United States
100%
$37.9 billion China
96%
$11.5 billion Japan
96%
€2.7 billion France
92%
£5.7 billion United Kingdom
92%
€4.4 billion Germany
88%
$3 billion Canada
85%
$2 billion Russia
85%
€1.5 billion Spain
85%
$0.8 billion India
81%
€1.8 billion Italy
81%
$2.9 billion Australia
73%
€1.8 billion Sweden
58%
€1.8 billion Finland
27%
$0.1 billion Iran
23%
No matching quizzes found
Score Distribution
Percent of People with Each Score
Percentile by Number Answered
Your Score History
You have not taken this quiz